Guess the 1970s song lyrics #155 - Statistics

General Stats
  • This quiz has been taken 27 times
  • The average score is 126 of 232
Answer Stats
Answer % Correct
a
91%
I
87%
it
83%
It
83%
the
83%
to
83%
and
78%
And
78%
me
78%
no
78%
No
78%
you
78%
all
74%
do
74%
for
74%
hi
74%
in
74%
it's
74%
It's
74%
of
74%
don't
70%
get
70%
Get
70%
give
70%
he
70%
He
70%
if
70%
Is
70%
Money
70%
my
70%
on
70%
say
70%
so
70%
but
65%
But
65%
make
65%
that
65%
That
65%
at
61%
off
61%
up
61%
was
61%
your
61%
you're
61%
good
57%
I'll
57%
I'm
57%
right
57%
take
57%
they
57%
with
57%
away
52%
Away
52%
back
52%
hands
52%
just
52%
keep
52%
know
52%
time
52%
Why
52%
why
52%
ask
48%
cash
48%
could
48%
need
48%
out
48%
Think
48%
think
48%
Yeah
48%
car
43%
crime
43%
evil
43%
New
43%
pie
43%
root
43%
slice
43%
stash
43%
they're
43%
today
43%
bullshit
39%
buy
39%
gas
39%
Grab
39%
him
39%
two
39%
Yes
39%
both
35%
caviar
35%
does
35%
first
35%
football
35%
four
35%
hit
35%
job
35%
more
35%
stack
35%
team
35%
alright
30%
bruising
30%
came
30%
certainly
30%
class
30%
cruising
30%
giving
30%
goody
30%
jet
30%
Lear
30%
none
30%
okay
30%
pay
30%
set
30%
Share
30%
star
30%
surprise
30%
Ah
26%
fidelity
26%
jack
26%
traveling
26%
fairly
22%
rise
22%
asking
17%
daydream
17%
definitely
17%
drunk
17%
wasn't
17%
which
17%
After
13%
anyone
13%
anything
13%
blow
9%
coming
9%
eleven
9%
fader
9%
geezer
9%
heavy
9%
matter
9%
number
9%
screaming
9%
sorted
9%
telling
9%
yelling
9%
absolutely
0%
No matching quizzes found
Score Distribution
Percent of People with Each Score
Percentile by Number Answered
Your Score History
You have not taken this quiz